Multicultural diversity in the tourism and hospitality workplace: (Record no. 367269)
[ view plain ]
| 000 -LEADER | |
|---|---|
| fixed length control field | 00789nam a22002177a 4500 |
| 003 - CONTROL NUMBER IDENTIFIER | |
| control field | 0 |
| 005 - DATE AND TIME OF LATEST TRANSACTION | |
| control field | 20250310163337.0 |
| 008 - FIXED-LENGTH DATA ELEMENTS--GENERAL INFORMATION | |
| fixed length control field | 250301b xxu||||| |||| 00| 0 eng d |
| 020 ## - INTERNATIONAL STANDARD BOOK NUMBER | |
| International Standard Book Number | 978-971-9655-92-3 |
| 050 ## - LIBRARY OF CONGRESS CALL NUMBER | |
| Classification number | HF 5549.5 |
| Item number | .M37 2024 |
| 100 ## - MAIN ENTRY--PERSONAL NAME | |
| Personal name | Maranan, Jovid Maricar D. |
| 245 ## - TITLE STATEMENT | |
| Title | Multicultural diversity in the tourism and hospitality workplace: |
| Remainder of title | a comprehensive guide for professionals. |
| Statement of responsibility, etc | Jovid Maricar D. Maranan and two others. |
| 260 ## - PUBLICATION, DISTRIBUTION, ETC. (IMPRINT) | |
| Place of publication, distribution, etc | Intramuros, Manila |
| Name of publisher, distributor, etc | Mindshapers Co., Manila |
| Date of publication, distribution, etc | 2024 |
| 300 ## - PHYSICAL DESCRIPTION | |
| Extent | vi, 122 pages; |
| Dimensions | 23cm. |
| 504 ## - BIBLIOGRAPHY, ETC. NOTE | |
| Bibliography, etc | Includes bibliographical references. |
| 650 ## - SUBJECT ADDED ENTRY--TOPICAL TERM | |
| Topical term or geographic name as entry element | Tourism Industry – Workforce. |
| 650 ## - SUBJECT ADDED ENTRY--TOPICAL TERM | |
| Topical term or geographic name as entry element | Hospitality Industry – Employee Relations. |
| 700 ## - ADDED ENTRY--PERSONAL NAME | |
| Personal name | Villamin, Jojo |
| 700 ## - ADDED ENTRY--PERSONAL NAME | |
| Personal name | Maranan, Mario H. |
| 942 ## - ADDED ENTRY ELEMENTS (KOHA) | |
| Source of classification or shelving scheme | Library of Congress Classification |
| Koha item type | Books |
| Withdrawn status | Lost status | Source of classification or shelving scheme | Damaged status | Home library | Current library | Shelving location | Date acquired | Source of acquisition | Total Checkouts | Full call number | Barcode | Date last seen | Price effective from | Koha item type |
|---|---|---|---|---|---|---|---|---|---|---|---|---|---|---|
| Library of Congress Classification | College Library | College Library | Filipiniana Section | 03/01/2025 | Library Fund | HF 5549.5 .M37 2024 | C24287 | 03/01/2025 | 03/01/2025 | Books |